| 000 | 00388nam a22001451a 4500 | ||
|---|---|---|---|
| 082 |
_aM301 _bRAJ/U |
||
| 100 |
_aRaju Poonjar _9111810 |
||
| 245 |
_aUpanishad kathakal/ _cby Raju Poonjar |
||
| 260 |
_aKozhikode: _bBalasahiteeprakasan, _c |
||
| 300 | _a48p. | ||
| 650 |
_aStories Malayalam _9111811 |
||
| 650 |
_aLiterature Malayalam _9111812 |
||
| 650 |
_aLiterature _9111813 |
||
| 942 | _cBK | ||
| 999 |
_c48270 _d48270 |
||